000 00518nam a2200193Ia 4500
003 GCL
008 140319s9999 xx 000 0 ara d
040 _aGCL /
_cGCL
082 0 4 _a252.5
_bع ف
100 1 _aعبدالرزاق نوفل
245 1 0 _aفريضة الحج /
_cعبدالرزاق نوفل
260 _a[S.N] :
_bدار الشروق ،
_c1983
300 _a37 ص
490 _a
650 0 4 _aالاسلام
650 0 4 _aالحج
650 0 4 _aالشريعة الاسلامية
942 _2ddc
_cBK
999 _c55466
_d55466